[Event "DVM U20 2022"]
[Site "Münster GER"]
[Date "2022.12.28"]
[Round "4"]
[White "Poggemann, Alexander"]
[Black "Slutski, Daniel"]
[Result "1-0"]
[Termination "normal"]
[Board "7.5"]
[WhiteElo "1717"]
[BlackElo "1253"]
[WhiteClock "00:26:11"]
[BlackClock "00:34:45"]
[WhiteTeam "Schachverein Hemer 1932"]
[BlackTeam "SC Bavaria Regensburg von 1881 e.V."]
[PlyCount "87"]
[WhiteFideId "16224167"]
[BlackFideId "16292154"]
[EventCountry "GER"]
[EventRounds "7"]
[EventType "team-swiss"]
[EventDate "2022.12.26"]

1. e4 {[%clk 01:30:50]} {[%emt 00:00:09]} c6 {[%clk 01:30:47]} {[%emt
00:00:13]} 2. d4 {[%clk 01:31:07]} {[%emt 00:00:13]} d5 {[%clk 01:31:02]}
{[%emt 00:00:16]} 3. Nc3 {[%clk 01:31:10]} {[%emt 00:00:27]} dxe4 {[%clk
01:31:18]} {[%emt 00:00:14]} 4. Nxe4 {[%clk 01:31:31]} {[%emt 00:00:09]} Nf6
{[%clk 01:31:35]} {[%emt 00:00:13]} 5. Nxf6 {[%clk 01:31:21]} {[%emt 00:00:40]}
exf6 {[%clk 01:31:43]} {[%emt 00:00:22]} 6. Be3 {[%clk 01:30:37]} {[%emt
00:01:14]} Bd6 {[%clk 01:31:54]} {[%emt 00:00:19]} 7. Nf3 {[%clk 01:30:12]}
{[%emt 00:00:55]} O-O {[%clk 01:31:53]} {[%emt 00:00:30]} 8. Be2 {[%clk
01:29:14]} {[%emt 00:01:28]} Re8 {[%clk 01:30:14]} {[%emt 00:02:09]} 9. Qd2
{[%clk 01:29:20]} {[%emt 00:00:25]} Nd7 {[%clk 01:28:55]} {[%emt 00:01:49]} 10.
O-O-O {[%clk 01:25:25]} {[%emt 00:04:25]} b5 {[%clk 01:24:13]} {[%emt
00:05:12]} 11. d5 {[%clk 01:22:28]} {[%emt 00:03:27]} c5 {[%emt 00:05:30]} 12.
Bxb5 {[%clk 01:21:50]} {[%emt 00:00:42]} Rb8 {[%clk 01:19:08]} {[%emt
00:01:01]} 13. c4 {[%clk 01:20:54]} {[%emt 00:01:25]} Qb6 {[%clk 01:16:42]}
{[%emt 00:02:56]} 14. Rhe1 {[%clk 01:17:10]} {[%emt 00:04:14]} Re7 {[%clk
01:15:01]} {[%emt 00:02:11]} 15. Re2 {[%clk 01:03:31]} {[%emt 00:14:09]} Ba6
{[%clk 01:08:55]} {[%emt 00:06:36]} 16. Bxd7 {[%clk 00:55:44]} {[%emt
00:08:17]} Rxd7 {[%clk 01:08:56]} {[%emt 00:00:28]} 17. Qc3 {[%clk 00:55:28]}
{[%emt 00:00:46]} Rdb7 {[%clk 00:58:35]} {[%emt 00:10:51]} 18. b3 {[%clk
00:48:56]} {[%emt 00:07:02]} Re7 {[%clk 00:54:49]} {[%emt 00:04:16]} 19. Rde1
{[%clk 00:47:01]} {[%emt 00:02:25]} Rbe8 {[%clk 00:53:13]} {[%emt 00:02:06]}
20. Kd1 {[%clk 00:37:46]} {[%emt 00:09:44]} Bc8 {[%clk 00:52:52]} {[%emt
00:00:50]} 21. Bd2 {[%clk 00:37:06]} {[%emt 00:01:11]} Bg4 {[%clk 00:50:58]}
{[%emt 00:02:24]} 22. Rxe7 {[%clk 00:37:08]} {[%emt 00:00:28]} Rxe7 {[%clk
00:50:34]} {[%emt 00:00:54]} 23. Rxe7 {[%clk 00:35:58]} {[%emt 00:01:40]} Bxe7
{[%clk 00:50:12]} {[%emt 00:00:51]} 24. h3 {[%clk 00:32:39]} {[%emt 00:03:49]}
Bxf3 {[%clk 00:48:36]} {[%emt 00:02:06]} 25. Qxf3 {[%clk 00:33:01]} {[%emt
00:00:08]} Qa6 {[%clk 00:47:25]} {[%emt 00:01:41]} 26. Qe4 {[%clk 00:32:12]}
{[%emt 00:01:19]} Bf8 {[%clk 00:43:38]} {[%emt 00:04:18]} 27. a4 {[%clk
00:29:13]} {[%emt 00:03:28]} Qb7 {[%clk 00:43:15]} {[%emt 00:00:53]} 28. Kc2
{[%clk 00:29:19]} {[%emt 00:00:24]} g6 {[%clk 00:41:47]} {[%emt 00:01:58]} 29.
Qe8 {[%clk 00:27:18]} {[%emt 00:02:29]} Qc7 {[%clk 00:39:47]} {[%emt 00:02:31]}
30. Bh6 {[%clk 00:26:44]} {[%emt 00:01:04]} Qd6 {[%clk 00:39:53]} {[%emt
00:00:25]} 31. Qxf8 {[%clk 00:26:24]} {[%emt 00:00:50]} Qxf8 {[%clk 00:40:09]}
{[%emt 00:00:13]} 32. Bxf8 {[%clk 00:26:49]} {[%emt 00:00:05]} Kxf8 {[%clk
00:40:30]} {[%emt 00:00:09]} 33. b4 {[%clk 00:25:22]} {[%emt 00:01:58]} cxb4
{[%clk 00:40:04]} {[%emt 00:00:57]} 34. a5 {[%emt 00:00:07]} Ke7 {[%clk
00:39:55]} {[%emt 00:00:37]} 35. c5 {[%clk 00:25:30]} {[%emt 00:00:46]} a6
{[%clk 00:39:39]} {[%emt 00:00:47]} 36. Kb3 {[%clk 00:25:39]} {[%emt 00:00:21]}
Kd7 {[%clk 00:38:55]} {[%emt 00:01:13]} 37. Kxb4 {[%clk 00:26:03]} {[%emt
00:00:06]} h6 {[%clk 00:38:33]} {[%emt 00:00:52]} 38. Kc4 {[%clk 00:26:17]}
{[%emt 00:00:16]} h5 {[%clk 00:37:52]} {[%emt 00:01:12]} 39. c6 {[%clk
00:25:41]} {[%emt 00:01:05]} Kd6 {[%clk 00:37:51]} {[%emt 00:00:31]} 40. Kd4
{[%clk 00:26:01]} {[%emt 00:00:10]} f5 {[%clk 00:36:48]} {[%emt 00:01:34]} 41.
h4 {[%clk 00:25:39]} {[%emt 00:00:51]} f6 {[%clk 00:36:35]} {[%emt 00:00:44]}
42. f4 {[%clk 00:25:45]} {[%emt 00:00:23]} g5 {[%clk 00:34:39]} {[%emt
00:02:26]} 43. hxg5 {[%clk 00:25:47]} {[%emt 00:00:28]} fxg5 {[%clk 00:34:45]}
{[%emt 00:00:24]} 44. fxg5 {[%clk 00:26:11]} {[%emt 00:00:06]} 1-0

[Event "DVM U20 2022"]
[Site "Münster GER"]
[Date "2022.12.28"]
[Round "4"]
[White "Pralle, Finnegan"]
[Black "Waffenschmidt, Lars"]
[Result "0-1"]
[Termination "normal"]
[Board "8.1"]
[BlackTitle "FM"]
[WhiteElo "1915"]
[BlackElo "2287"]
[WhiteClock "00:06:20"]
[BlackClock "00:11:47"]
[WhiteTeam "Biebertaler Schachfreunde"]
[BlackTeam "SK Bebenhausen 1992"]
[PlyCount "70"]
[WhiteFideId "12986615"]
[BlackFideId "16244656"]
[EventCountry "GER"]
[EventRounds "7"]
[EventType "team-swiss"]
[EventDate "2022.12.26"]

1. e4 {[%clk 01:30:57]} {[%emt 00:00:02]} c5 {[%clk 01:30:55]} {[%emt
00:00:05]} 2. Nc3 {[%clk 01:31:13]} {[%emt 00:00:14]} a6 {[%clk 01:31:19]}
{[%emt 00:00:07]} 3. Nf3 {[%clk 01:30:27]} {[%emt 00:01:16]} b5 {[%clk
01:31:23]} {[%emt 00:00:26]} 4. d4 {[%clk 01:30:51]} {[%emt 00:00:06]} cxd4
{[%clk 01:31:39]} {[%emt 00:00:15]} 5. Nxd4 {[%clk 01:31:15]} {[%emt 00:00:06]}
e6 {[%clk 01:31:53]} {[%emt 00:00:15]} 6. g3 {[%clk 01:30:21]} {[%emt
00:01:23]} Bb7 {[%clk 01:31:50]} {[%emt 00:00:34]} 7. Bg2 {[%clk 01:30:24]}
{[%emt 00:00:27]} Nf6 {[%clk 01:31:40]} {[%emt 00:00:40]} 8. Bg5 {[%clk
01:27:54]} {[%emt 00:03:00]} Be7 {[%clk 01:24:26]} {[%emt 00:07:44]} 9. a3
{[%clk 01:16:49]} {[%emt 00:11:35]} d6 {[%clk 01:21:22]} {[%emt 00:03:34]} 10.
O-O {[%clk 01:13:01]} {[%emt 00:04:18]} Qb6 {[%clk 01:20:16]} {[%emt 00:01:36]}
11. Be3 {[%clk 01:11:09]} {[%emt 00:02:22]} Qc7 {[%clk 01:18:53]} {[%emt
00:01:53]} 12. Re1 {[%clk 01:08:29]} {[%emt 00:03:09]} O-O {[%clk 01:17:21]}
{[%emt 00:02:02]} 13. f4 {[%clk 01:06:24]} {[%emt 00:02:35]} Nbd7 {[%clk
01:12:51]} {[%emt 00:05:00]} 14. Bf2 {[%clk 00:56:06]} {[%emt 00:10:48]} Nb6
{[%clk 01:07:09]} {[%emt 00:06:12]} 15. g4 {[%clk 00:38:48]} {[%emt 00:17:49]}
Nc4 {[%clk 00:58:47]} {[%emt 00:08:52]} 16. b3 {[%clk 00:37:55]} {[%emt
00:01:22]} Nb6 {[%clk 00:45:03]} {[%emt 00:14:15]} 17. g5 {[%clk 00:37:40]}
{[%emt 00:00:45]} Qxc3 {[%clk 00:33:10]} {[%emt 00:12:23]} 18. gxf6 {[%clk
00:38:02]} {[%emt 00:00:07]} Bxf6 {[%clk 00:33:30]} {[%emt 00:00:10]} 19. e5
{[%clk 00:35:06]} {[%emt 00:03:26]} Bxg2 {[%clk 00:33:02]} {[%emt 00:00:59]}
20. exf6 {[%clk 00:35:00]} {[%emt 00:00:36]} Bb7 {[%clk 00:33:18]} {[%emt
00:00:13]} 21. fxg7 {[%clk 00:31:16]} {[%emt 00:04:14]} Rfe8 {[%clk 00:29:05]}
{[%emt 00:04:43]} 22. Re3 {[%clk 00:31:35]} {[%emt 00:00:10]} Qc5 {[%clk
00:28:52]} {[%emt 00:00:43]} 23. Rd3 {[%clk 00:25:16]} {[%emt 00:06:50]} Nd7
{[%clk 00:27:08]} {[%emt 00:02:14]} 24. Nf3 {[%clk 00:24:00]} {[%emt 00:01:46]}
Qf5 {[%clk 00:26:56]} {[%emt 00:00:41]} 25. Bg3 {[%clk 00:20:25]} {[%emt
00:04:06]} Nf6 {[%clk 00:22:27]} {[%emt 00:04:59]} 26. Qe2 {[%clk 00:14:33]}
{[%emt 00:06:22]} Rac8 {[%clk 00:22:11]} {[%emt 00:00:46]} 27. Rc1 {[%clk
00:12:39]} {[%emt 00:02:24]} Be4 {[%clk 00:19:10]} {[%emt 00:03:31]} 28. Rd2
{[%clk 00:10:56]} {[%emt 00:02:14]} Rc3 {[%clk 00:18:46]} {[%emt 00:00:53]} 29.
Nd4 {[%clk 00:10:04]} {[%emt 00:01:23]} Qh3 {[%clk 00:18:58]} {[%emt 00:00:17]}
30. Qe1 {[%clk 00:09:12]} {[%emt 00:01:22]} e5 {[%clk 00:17:58]} {[%emt
00:01:30]} 31. Nxb5 {[%clk 00:04:58]} {[%emt 00:04:44]} axb5 {[%clk 00:18:03]}
{[%emt 00:00:25]} 32. Re2 {[%clk 00:05:24]} {[%emt 00:00:04]} Re3 {[%clk
00:17:29]} {[%emt 00:01:03]} 33. fxe5 {[%clk 00:05:30]} {[%emt 00:00:26]} Bf3
{[%clk 00:14:09]} {[%emt 00:03:49]} 34. Rf2 {[%clk 00:05:55]} {[%emt 00:00:05]}
Rxe1 {[%clk 00:13:53]} {[%emt 00:00:46]} 35. Rxe1 {[%clk 00:06:20]} {[%emt
00:00:04]} Bc6 {[%clk 00:11:47]} {[%emt 00:02:37]} 0-1

[Event "DVM U20 2022"]
[Site "Münster GER"]
[Date "2022.12.28"]
[Round "4"]
[White "Honisch, Alexander"]
[Black "Engländer, Leon Arne"]
[Result "1-0"]
[Termination "normal"]
[Board "8.2"]
[WhiteElo "1988"]
[BlackElo "1772"]
[WhiteClock "00:19:13"]
[BlackClock "00:31:38"]
[WhiteTeam "SK Bebenhausen 1992"]
[BlackTeam "Biebertaler Schachfreunde"]
[PlyCount "75"]
[WhiteFideId "16298594"]
[BlackFideId "12997226"]
[EventCountry "GER"]
[EventRounds "7"]
[EventType "team-swiss"]
[EventDate "2022.12.26"]

1. e4 {[%clk 01:30:35]} {[%emt 00:00:24]} e5 {[%clk 01:30:52]} {[%emt
00:00:08]} 2. Nf3 {[%clk 01:30:51]} {[%emt 00:00:14]} Nc6 {[%clk 01:31:16]}
{[%emt 00:00:07]} 3. Bb5 {[%clk 01:30:59]} {[%emt 00:00:21]} a6 {[%clk
01:31:32]} {[%emt 00:00:14]} 4. Ba4 {[%clk 01:31:23]} {[%emt 00:00:06]} Nf6
{[%clk 01:31:40]} {[%emt 00:00:22]} 5. O-O {[%clk 01:31:37]} {[%emt 00:00:16]}
b5 {[%clk 01:31:09]} {[%emt 00:01:01]} 6. Bb3 {[%clk 01:31:53]} {[%emt
00:00:14]} Be7 {[%clk 01:31:24]} {[%emt 00:00:15]} 7. Re1 {[%clk 01:31:19]}
{[%emt 00:01:04]} d6 {[%clk 01:31:40]} {[%emt 00:00:14]} 8. c3 {[%clk
01:31:38]} {[%emt 00:00:12]} Nb8 {[%clk 01:29:20]} {[%emt 00:02:48]} 9. d4
{[%clk 01:30:46]} {[%emt 00:01:23]} Nbd7 {[%clk 01:29:37]} {[%emt 00:00:13]}
10. Nbd2 {[%clk 01:31:02]} {[%emt 00:00:13]} c5 {[%clk 01:29:53]} {[%emt
00:00:14]} 11. Nf1 {[%clk 01:30:18]} {[%emt 00:01:14]} Qc7 {[%clk 01:28:37]}
{[%emt 00:01:45]} 12. Ng3 {[%clk 01:29:30]} {[%emt 00:01:19]} Bb7 {[%clk
01:22:25]} {[%emt 00:06:41]} 13. Nf5 {[%clk 01:25:59]} {[%emt 00:04:01]} Bf8
{[%clk 01:22:44]} {[%emt 00:00:11]} 14. d5 {[%clk 01:11:02]} {[%emt 00:15:27]}
c4 {[%clk 01:22:05]} {[%emt 00:01:10]} 15. Bc2 {[%clk 01:11:25]} {[%emt
00:00:07]} g6 {[%clk 01:19:59]} {[%emt 00:02:36]} 16. Nh6 {[%clk 01:10:57]}
{[%emt 00:00:58]} Nc5 {[%clk 01:18:56]} {[%emt 00:01:32]} 17. Bg5 {[%clk
01:08:54]} {[%emt 00:02:34]} Bg7 {[%clk 01:15:22]} {[%emt 00:04:04]} 18. a4
{[%clk 01:06:09]} {[%emt 00:03:15]} Nh5 {[%clk 01:09:44]} {[%emt 00:06:08]} 19.
g3 {[%clk 00:57:54]} {[%emt 00:08:46]} f6 {[%clk 01:08:01]} {[%emt 00:02:13]}
20. Be3 {[%clk 00:57:24]} {[%emt 00:01:00]} Qd7 {[%clk 01:05:17]} {[%emt
00:03:13]} 21. Nh4 {[%clk 00:46:31]} {[%emt 00:11:25]} Nf4 {[%clk 00:53:51]}
{[%emt 00:11:55]} 22. gxf4 {[%clk 00:34:27]} {[%emt 00:12:33]} Bxh6 {[%clk
00:54:11]} {[%emt 00:00:10]} 23. fxe5 {[%clk 00:33:54]} {[%emt 00:01:03]} Bxe3
{[%clk 00:54:24]} {[%emt 00:00:17]} 24. e6 {[%clk 00:33:14]} {[%emt 00:01:10]}
Bxf2 {[%clk 00:54:21]} {[%emt 00:00:32]} 25. Kxf2 {[%clk 00:33:38]} {[%emt
00:00:06]} Qe7 {[%clk 00:52:56]} {[%emt 00:01:54]} 26. Qg4 {[%clk 00:33:00]}
{[%emt 00:01:08]} f5 {[%clk 00:50:57]} {[%emt 00:02:27]} 27. exf5 {[%clk
00:31:20]} {[%emt 00:02:12]} Bxd5 {[%clk 00:49:18]} {[%emt 00:02:09]} 28. Kg1
{[%clk 00:26:45]} {[%emt 00:05:05]} O-O-O {[%clk 00:40:58]} {[%emt 00:08:50]}
29. f6 {[%clk 00:22:58]} {[%emt 00:04:17]} Qa7 {[%clk 00:37:41]} {[%emt
00:03:47]} 30. Qd4 {[%clk 00:21:55]} {[%emt 00:01:33]} Qb7 {[%clk 00:33:37]}
{[%emt 00:04:33]} 31. e7 {[%clk 00:20:14]} {[%emt 00:02:12]} Rde8 {[%clk
00:33:54]} {[%emt 00:00:13]} 32. Rad1 {[%clk 00:19:32]} {[%emt 00:01:12]} Nd3
{[%clk 00:31:05]} {[%emt 00:03:19]} 33. Bxd3 {[%clk 00:19:03]} {[%emt
00:00:59]} cxd3 {[%clk 00:31:29]} {[%emt 00:00:05]} 34. Rxd3 {[%clk 00:19:24]}
{[%emt 00:00:09]} Bh1 {[%clk 00:31:35]} {[%emt 00:00:25]} 35. f7 {[%clk
00:18:42]} {[%emt 00:01:12]} g5 {[%clk 00:31:13]} {[%emt 00:00:52]} 36. fxe8=Q
{[%clk 00:18:32]} {[%emt 00:00:39]} Rxe8 {[%clk 00:31:35]} {[%emt 00:00:09]}
37. Qxd6 {[%clk 00:18:50]} {[%emt 00:00:12]} gxh4 {[%clk 00:31:38]} {[%emt
00:00:27]} 38. Qd8 {[%clk 00:19:13]} {[%emt 00:00:07]} 1-0

[Event "DVM U20 2022"]
[Site "Münster GER"]
[Date "2022.12.28"]
[Round "4"]
[White "Peschel, Julia"]
[Black "Freiherr von Hauff, Christopher"]
[Result "0-1"]
[Termination "normal"]
[Board "8.3"]
[WhiteElo "1534"]
[BlackElo "1852"]
[WhiteClock "00:17:20"]
[BlackClock "00:26:36"]
[WhiteTeam "Biebertaler Schachfreunde"]
[BlackTeam "SK Bebenhausen 1992"]
[PlyCount "90"]
[WhiteFideId "16255593"]
[BlackFideId "16200691"]
[EventCountry "GER"]
[EventRounds "7"]
[EventType "team-swiss"]
[EventDate "2022.12.26"]

1. e4 {[%clk 01:30:58]} {[%emt 00:00:01]} e5 {[%clk 01:30:55]} {[%emt
00:00:06]} 2. Nf3 {[%clk 01:31:18]} {[%emt 00:00:09]} Nc6 {[%clk 01:31:21]}
{[%emt 00:00:04]} 3. Bc4 {[%clk 01:31:35]} {[%emt 00:00:13]} Nf6 {[%clk
01:31:47]} {[%emt 00:00:04]} 4. d3 {[%clk 01:31:54]} {[%emt 00:00:11]} Bc5
{[%clk 01:31:47]} {[%emt 00:00:30]} 5. c3 {[%clk 01:31:34]} {[%emt 00:00:50]}
a6 {[%clk 01:31:23]} {[%emt 00:00:54]} 6. Bb3 {[%clk 01:31:28]} {[%emt
00:00:36]} d6 {[%clk 01:31:46]} {[%emt 00:00:07]} 7. O-O {[%clk 01:30:59]}
{[%emt 00:00:58]} Ba7 {[%clk 01:32:12]} {[%emt 00:00:05]} 8. Nbd2 {[%clk
01:30:34]} {[%emt 00:00:55]} O-O {[%clk 01:30:02]} {[%emt 00:02:41]} 9. h3
{[%clk 01:30:35]} {[%emt 00:00:28]} h6 {[%clk 01:29:43]} {[%emt 00:00:50]} 10.
Re1 {[%clk 01:30:37]} {[%emt 00:00:27]} Nh5 {[%clk 01:27:05]} {[%emt 00:03:08]}
11. d4 {[%clk 01:22:46]} {[%emt 00:08:22]} Nf4 {[%clk 01:19:41]} {[%emt
00:07:54]} 12. Nf1 {[%clk 01:21:54]} {[%emt 00:01:21]} Qf6 {[%clk 01:15:52]}
{[%emt 00:04:19]} 13. Bxf4 {[%clk 01:15:16]} {[%emt 00:07:08]} Qxf4 {[%clk
01:15:59]} {[%emt 00:00:24]} 14. Ng3 {[%clk 01:15:17]} {[%emt 00:00:29]} g6
{[%clk 01:15:25]} {[%emt 00:01:04]} 15. Qd3 {[%clk 01:08:15]} {[%emt 00:07:32]}
Kg7 {[%clk 01:12:08]} {[%emt 00:03:48]} 16. Rad1 {[%clk 01:06:45]} {[%emt
00:02:00]} Bd7 {[%clk 01:03:11]} {[%emt 00:09:27]} 17. Ne2 {[%clk 01:00:39]}
{[%emt 00:06:35]} Qf6 {[%clk 01:03:20]} {[%emt 00:00:21]} 18. a3 {[%clk
00:51:51]} {[%emt 00:09:18]} Rad8 {[%clk 01:01:43]} {[%emt 00:02:07]} 19. Ba2
{[%clk 00:50:49]} {[%emt 00:01:32]} Rfe8 {[%clk 00:58:55]} {[%emt 00:03:18]}
20. Qc4 {[%clk 00:43:07]} {[%emt 00:08:12]} Bxh3 {[%clk 00:44:15]} {[%emt
00:15:10]} 21. Qxf7 {[%clk 00:34:08]} {[%emt 00:09:27]} Qxf7 {[%clk 00:44:04]}
{[%emt 00:00:42]} 22. Bxf7 {[%clk 00:34:31]} {[%emt 00:00:08]} Kxf7 {[%clk
00:32:27]} {[%emt 00:12:06]} 23. gxh3 {[%clk 00:34:53]} {[%emt 00:00:08]} Kg7
{[%clk 00:31:23]} {[%emt 00:01:35]} 24. Rd3 {[%clk 00:28:46]} {[%emt 00:06:37]}
Re7 {[%clk 00:28:11]} {[%emt 00:03:42]} 25. Nh4 {[%clk 00:21:33]} {[%emt
00:07:42]} Kh7 {[%clk 00:26:04]} {[%emt 00:02:37]} 26. Kh2 {[%clk 00:20:24]}
{[%emt 00:01:39]} exd4 {[%clk 00:22:22]} {[%emt 00:04:13]} 27. Nxd4 {[%clk
00:20:34]} {[%emt 00:00:19]} d5 {[%clk 00:22:31]} {[%emt 00:00:21]} 28. Nxc6
{[%clk 00:16:41]} {[%emt 00:04:23]} bxc6 {[%clk 00:22:48]} {[%emt 00:00:14]}
29. Re2 {[%clk 00:16:36]} {[%emt 00:00:34]} c5 {[%clk 00:15:36]} {[%emt
00:07:42]} 30. Rg3 {[%clk 00:07:54]} {[%emt 00:09:12]} Re6 {[%clk 00:13:47]}
{[%emt 00:02:19]} 31. f4 {[%clk 00:05:23]} {[%emt 00:03:01]} Rf8 {[%clk
00:09:19]} {[%emt 00:04:57]} 32. Ng2 {[%clk 00:03:59]} {[%emt 00:01:54]} dxe4
{[%clk 00:08:32]} {[%emt 00:01:18]} 33. Rge3 {[%clk 00:04:13]} {[%emt
00:00:15]} Rfe8 {[%clk 00:08:37]} {[%emt 00:00:25]} 34. c4 {[%clk 00:04:21]}
{[%emt 00:00:21]} c6 {[%clk 00:07:31]} {[%emt 00:01:37]} 35. Ne1 {[%clk
00:03:40]} {[%emt 00:01:11]} Bb8 {[%clk 00:06:45]} {[%emt 00:01:16]} 36. Nd3
{[%clk 00:03:59]} {[%emt 00:00:11]} g5 {[%clk 00:05:55]} {[%emt 00:01:20]} 37.
Nxc5 {[%clk 00:03:00]} {[%emt 00:01:29]} gxf4 {[%clk 00:05:54]} {[%emt
00:00:32]} 38. Rxe4 {[%clk 00:02:24]} {[%emt 00:01:05]} f3 {[%clk 00:06:16]}
{[%emt 00:00:08]} 39. Kg1 {[%clk 00:02:10]} {[%emt 00:00:44]} Rg6 {[%clk
00:02:31]} {[%emt 00:04:16]} 40. Kf2 {[%clk 00:01:47]} {[%emt 00:00:53]} Rf8
{[%clk 00:01:01]} {[%emt 00:02:01]} 41. Re7 {[%clk 00:23:24]} {[%emt 00:08:53]}
Kg8 {[%clk 00:29:32]} {[%emt 00:01:58]} 42. R2e4 {[%clk 00:21:34]} {[%emt
00:02:20]} Rg2 {[%clk 00:27:07]} {[%emt 00:02:56]} 43. Kf1 {[%clk 00:21:21]}
{[%emt 00:00:43]} Bd6 {[%clk 00:26:15]} {[%emt 00:01:22]} 44. Nd3 {[%clk
00:17:02]} {[%emt 00:04:49]} Bxe7 {[%clk 00:26:25]} {[%emt 00:00:20]} 45. Rxe7
{[%clk 00:17:20]} {[%emt 00:00:12]} f2 {[%clk 00:26:36]} {[%emt 00:00:19]} 0-1